The Cheesecake Factory Full Menu - Statistics

General Stats
  • This quiz has been taken 31 times
  • The average score is 38 of 323
Answer Stats
Section Item % Correct
Cheesecakes & Specialty Desserts Original
61%
Side Dishes French Fries
57%
To Go Beverages To Go Certified Organic Tea
57%
To Go Beverages To Go Flavored Lemonade
48%
To Go Beverages To Go Freshly Brewed Coffee
48%
To Go Beverages Fiji Natural Artesian Water
43%
To Go Beverages San Pellegrino Water
43%
Salads Caesar Salad
39%
Salads Cobb Salad
39%
Cheesecakes & Specialty Desserts Fresh Strawberry
39%
Eggs & Omelettes Factory Create an Omelette
35%
Frozen Drinks Creamy Milkshake
30%
Pastas Spaghetti and Meatballs
30%
To Go Beverages Apple Juice
26%
Eggs & Omelettes Farm Fresh Eggs
26%
Steaks Filet Mignon
26%
Fish & Seafood Fish & Chips
26%
To Go Beverages To Go Freshly Brewed Iced Tea
26%
Ice Cream Delights Bowl of Vanilla Ice Cream
22%
Hot Drinks & Espresso Cappuccino
22%
Flatbread Pizzas Cheese Flatbread Pizza
22%
To Go Beverages Fresh Orange Juice
22%
Cheesecakes & Specialty Desserts Godiva Chocolate Cheesecake
22%
Kids' Menu Kids’ Roadside Sliders
22%
Side Dishes Macaroni & Cheese
22%
Appetizers Roadside Sliders
22%
SkinnyLicious® Specialties SkinnyLicious Chicken Pasta
22%
SkinnyLicious® Specialties SkinnyLicious Grilled Salmon
22%
SkinnyLicious® Small Plates & Appetizers | Small Plates & Snacks Stuffed Mushrooms
22%
Side Dishes Sweet Potato Fries
22%
Sandwiches The Club
22%
Side Dishes Broccoli
17%
Appetizers Buffalo Blasts
17%
Appetizers Buffalo Wings
17%
SkinnyLicious® Small Plates & Appetizers | Small Plates & Snacks Chicken Taquitos
17%
Salads Chinese Chicken Salad
17%
Cheesecakes & Specialty Desserts Cookie Dough Lover's Cheesecake with Pecans
17%
Appetizers Factory Nachos
17%
Specialties Famous Factory Meatloaf
17%
Saturday & Sunday Brunch Fried Chicken & Waffles
17%
Side Dishes Green Beans
17%
Side Dishes Grilled Asparagus
17%
SkinnyLicious® Small Plates & Appetizers | Small Plates & Snacks Little House Salad
17%
Flatbread Pizzas Margherita Flatbread Pizza
17%
Side Dishes Mashed Potatoes
17%
Margaritas, Mojitos & Martinis Mojito
17%
Flatbread Pizzas Pepperoni Flatbread Pizza
17%
Appetizers Quesadilla
17%
Cheesecakes & Specialty Desserts Reese’s Peanut Butter Chocolate Cake Cheesecake
17%
Fish & Seafood Shrimp Scampi
17%
Steaks Steak Diane
17%
Pastas Tomato Basil Pasta
17%
Salads Vegan Cobb Salad
17%
Cheesecakes & Specialty Desserts Adam’s Peanut Butter Cup Fudge Ripple
13%
Appetizers Avocado Eggrolls
13%
Small Plates & Snacks Avocado Tacos
13%
All Day Morning Cocktails Bloody Mary
13%
Saturday & Sunday Brunch Buttermilk Pancakes
13%
Hot Drinks & Espresso Cafe Latte
13%
Hot Drinks & Espresso Cafe Mocha
13%
Cheesecakes & Specialty Desserts Celebration Cheesecake
13%
Specialties Chicken Bellagio
13%
Specialties Chicken Parmesan "Pizza Style"
13%
Appetizers | SkinnyLicious® Small Plates & Appetizers Chicken Pot Stickers
13%
Cheesecakes & Specialty Desserts Chocolate Mousse Cheesecake
13%
Cheesecakes & Specialty Desserts Cinnabon Cinnamon Swirl Cheesecake
13%
Saturday & Sunday Brunch Cinnamon Roll Pancakes
13%
Glamburgers® Classic Burger
13%
Cheesecakes & Specialty Desserts Coconut Cream Pie Cheesecake
13%
SkinnyLicious® Small Plates & Appetizers | Small Plates & Snacks Crispy Brussels Sprouts
13%
Appetizers Eggroll Sampler
13%
Pastas Farfalle with Chicken and Roasted Garlic
13%
Pastas Four Cheese Pasta
13%
Appetizers Fried Calamari
13%
Saturday & Sunday Brunch Fried Chicken & Waffles Benedict
13%
Saturday & Sunday Brunch Giant Belgian Waffle
13%
Ice Cream Delights Hot Fudge Sundae
13%
Glamburgers® | SkinnyLicious® Specialties Impossible Burger
13%
Specialty Drinks J.W.’s Pink Lemonade
13%
Kids' Menu Kids’ Fried Chicken Strips
13%
Kids' Menu Kids’ Mini Corn Dogs
13%
Kids' Menu Kids’ Quesadilla
13%
Small Plates & Snacks Korean Fried Cauliflower
13%
Specialties Korean Fried Chicken
13%
Saturday & Sunday Brunch Lemon-Ricotta Pancakes
13%
Pastas Louisiana Chicken Pasta
13%
Glamburgers® Macaroni and Cheese Burger
13%
Fish & Seafood Miso Salmon
13%
Cheesecakes & Specialty Desserts Oreo Dream Extreme Cheesecake
13%
Pastas Pasta Carbonara
13%
Cheesecakes & Specialty Desserts Pineapple Upside-Down Cheesecake
13%
Appetizers Pretzel Bites With Cheddar Cheese Fondue
13%
Cheesecakes & Specialty Desserts Pumpkin Cheesecake
13%
Cheesecakes & Specialty Desserts Salted Caramel Cheesecake
13%
Salads Santa Fe Salad
13%
Salads Sheila's Chicken and Avocado Salad
13%
Specialties Shepherd’s Pie
13%
Fish & Seafood Shrimp and Chicken Gumbo
13%
SkinnyLicious® Specialties SkinnyLicious Crispy Chicken Sandwich with Ranch
13%
SkinnyLicious® Specialties SkinnyLicious Crispy Chicken Sandwich with Sriracha Mayo
13%
SkinnyLicious® Salads SkinnyLicious Factory Chopped Salad
13%
Glamburgers® Smokehouse B.B.Q. Burger
13%
Glamburgers® Spicy Crispy Chicken Sandwich
13%
Pastas Spicy Rigatoni Vodka
13%
Margaritas, Mojitos & Martinis Strawberry Infused Margarita
13%
Specialty Drinks Strawberry Negroni
13%
Small Plates & Snacks Street Corn
13%
Appetizers Tex Mex Eggrolls
13%
Salads Thai Chicken Salad
13%
To Go Beverages To Go Arnold Palmer
13%
Salads | SkinnyLicious® Salads Tossed Green Salad
13%
Cheesecakes & Specialty Desserts Triple Berry Bliss
13%
Cheesecakes & Specialty Desserts Very Cherry Ghirardelli Chocolate Cheesecake
13%
Specialty Drinks Whisky & Ginger
13%
SkinnyLicious® Small Plates & Appetizers Asian Chicken Lettuce Wrap Tacos
9%
Saturday & Sunday Brunch Bacon and Avocado Benedict
9%
Specialties Baja Chicken Tacos
9%
Specialties Bang-Bang Chicken and Shrimp
9%
Flatbread Pizzas Bee Sting Flatbread Pizza
9%
SkinnyLicious® Small Plates & Appetizers | Small Plates & Snacks Beet and Avocado Salad
9%
Glamburgers® Bistro Burger
9%
Pastas Bistro Shrimp Pasta
9%
Saturday & Sunday Brunch Breakfast Burrito
9%
Eggs & Omelettes Brioche Breakfast Sandwich
9%
Saturday & Sunday Brunch Bruleed French Toast
9%
Saturday & Sunday Brunch Brunch Combo
9%
Saturday & Sunday Brunch Brunch Flatbread
9%
Pastas Cajun Jambalaya Pasta
9%
Fish & Seafood Cajun Salmon
9%
Hot Drinks & Espresso Caramel Royale Macchiato
9%
Steaks Carne Asada Steak
9%
Small Plates & Snacks Cheeseburger Spring Rolls
9%
Specialties Chicken Littles
9%
Specialties Chicken Madeira
9%
Sandwiches Chicken Parmesan Sandwich
9%
Specialties Chicken Piccata
9%
Sandwiches Chicken Salad Sandwich
9%
Cheesecakes & Specialty Desserts Chocolate Caramelicious Cheesecake Made with Snickers
9%
Cheesecakes & Specialty Desserts Classic Basque Cheesecake
9%
Margaritas, Mojitos & Martinis Coconut Mojito
9%
To Go Beverages Cold Brew Coffee
9%
SkinnyLicious® Small Plates & Appetizers | Small Plates & Snacks Crab Wontons
9%
SkinnyLicious® Small Plates & Appetizers | Small Plates & Snacks Crispy Crab Bites
9%
Specialties Crispy Pineapple Chicken and Shrimp
9%
Specialties Crusted Chicken Romano
9%
Sandwiches Cuban Sandwich
9%
Hot Drinks & Espresso Double Espresso
9%
Cheesecakes & Specialty Desserts Dulce De Leche Caramel Cheesecake
9%
Saturday & Sunday Brunch Eggs Benedict with Canadian Bacon and Hollandaise
9%
All Day Morning Cocktails Espresso Martini
9%
Pastas Evelyn's Favorite Pasta
9%
Salads Factory Chopped Salad
9%
Hot Drinks & Espresso Factory Hot Chocolate
9%
All Day Morning Cocktails Factory Peach Bellini
9%
Glamburgers® Factory Turkey Burger
9%
Eggs & Omelettes Farm Fresh Eggs with Grilled Ham
9%
Eggs & Omelettes Farm Fresh Eggs with Old Smokehouse Bacon
9%
Pastas Fettuccini Alfredo
9%
Pastas Fettuccini Alfredo with Chicken
9%
Pastas Fettuccini Alfredo with Shrimp
9%
Specialties Fish Tacos
9%
Glamburgers® French Dip Cheeseburger
9%
Fish & Seafood Fresh Grilled Salmon
9%
Salads Fried Chicken Club Salad
9%
Appetizers Fried Macaroni and Cheese
9%
Frozen Drinks Frozen Iced Mango
9%
Specialty Drinks Georgia Peach
9%
Saturday & Sunday Brunch Giant Belgian Waffle with Strawberries, Pecans and Chantilly Cream
9%
Specialty Drinks Gin Rickey Crush
9%
Ice Cream Delights Godiva Chocolate Brownie Sundae
9%
Specialties Green Chile Chicken Enchiladas
9%
Sandwiches Grilled Chicken and Avocado Club
9%
Steaks Grilled Rib-Eye Steak
9%
SkinnyLicious® Specialties Grilled Steak Medallions
9%
Specialties Grilled Steak Tacos
9%
To Go Beverages Guava Sparkler
9%
Fish & Seafood Herb Crusted Filet of Salmon
9%
Cheesecakes & Specialty Desserts Hershey’s Chocolate Bar Cheesecake
9%
Appetizers Hot Spinach and Cheese Dip
9%
Pastas Italian Sausage & Fresh Mushroom Rigatoni
9%
Fish & Seafood Jamaican Black Pepper Chicken
9%
Fish & Seafood Jamaican Black Pepper Chicken and Shrimp
9%
Fish & Seafood Jamaican Black Pepper Shrimp
9%
Kids' Menu Kids' Cheese Flatbread
9%
Kids' Menu Kids’ Grilled Cheese Sandwich
9%
Kids' Menu Kids’ Grilled Chicken
9%
Kids' Menu Kids’ Grilled Salmon
9%
Kids' Menu Kids’ Macaroni and Cheese
9%
Kids' Menu Kids’ Mini Hot Fudge Sundae
9%
Kids' Menu Kids' Pasta with Alfredo Sauce
9%
Kids' Menu Kids' Pasta with Butter and Parmesan
9%
Kids' Menu Kids' Pasta with Marinara Sauce
9%
Kids' Menu Kids' Pepperoni Flatbread
9%
Kids' Menu Kids’ Scoop of Ice Cream
9%
Kids' Menu Kids’ Spaghetti with Meatball
9%
Kids' Menu Kids’ Strawberries
9%
SkinnyLicious® Specialties Lemon-Garlic Shrimp
9%
Cheesecakes & Specialty Desserts Lemon Meringue Cheesecake
9%
Specialty Drinks Mai Tai
9%
Salads Mexicali Salad
9%
SkinnyLicious® Salads Mexican Tortilla Salad
9%
Glamburgers® Mushroom Burger
9%
Specialties Orange Chicken
9%
Frozen Drinks Oreo Milkshake
9%
Specialty Drinks Paloma Rosa
9%
To Go Beverages Paradise Punch
9%
Margaritas, Mojitos & Martinis Passion Fruit Margarita
9%
Margaritas, Mojitos & Martinis Passion Fruit Mojito
9%
To Go Beverages Passion Mint Fizz
9%
Pastas Pasta Da Vinci
9%
Frozen Drinks Peach Smoothie
9%
To Go Beverages Pineapple Cherry Limeade
9%
Margaritas, Mojitos & Martinis | Specialty Drinks Pineapple Mezcal
9%
Specialty Drinks Pineapple Moscow Mule
9%
Margaritas, Mojitos & Martinis Raspberry Lemon Drop
9%
Sandwiches Renee’s Fresh Turkey Sandwich
9%
Side Dishes Sauteed Spinach
9%
Salads Seared Ahi Tuna Salad
9%
SkinnyLicious® Specialties Sesame Ginger Chicken
9%
SkinnyLicious® Salads SkinnyLicious Asian Chicken Salad
9%
SkinnyLicious® Small Plates & Appetizers SkinnyLicious Avocado Tacos
9%
SkinnyLicious® Specialties SkinnyLicious Chicken Soft Tacos
9%
SkinnyLicious® Specialties SkinnyLicious Grilled Turkey Burger
9%
SkinnyLicious® Specialties SkinnyLicious Hamburger
9%
SkinnyLicious® Specialties SkinnyLicious Shrimp Soft Tacos
9%
SkinnyLicious® Specialties SkinnyLicious Turkey & Avocado Sandwich
9%
Pastas Spicy Chicken Chipotle Pasta
9%
Appetizers | SkinnyLicious® Small Plates & Appetizers Spicy Tuna
9%
Eggs & Omelettes Spinach, Mushroom, Bacon and Cheese Omelette
9%
Side Dishes Steamed Brown Rice
9%
Side Dishes Steamed White Rice
9%
Frozen Drinks Strawberry Fruit Smoothie
9%
All Day Morning Cocktails Strawberry Spritz
9%
Appetizers Sweet Corn Tamale Cakes
9%
Small Plates & Snacks Thai Chili Shrimp
9%
Flatbread Pizzas The Everything Flatbread Pizza
9%
Specialty Drinks The Old Fashioned
9%
Margaritas, Mojitos & Martinis The Ultimate
9%
Margaritas, Mojitos & Martinis The Well-Mannered Dirty Martini
9%
Cheesecakes & Specialty Desserts Tiramisu
9%
Cheesecakes & Specialty Desserts Toasted Marshmallow S’Mores Galore
9%
To Go Beverages Tropical Ginger Cooler
9%
Frozen Drinks Tropical Smoothie
9%
Specialties Truffle-Honey Chicken
9%
SkinnyLicious® Specialties Tuscan Chicken
9%
Appetizers Warm Crab Dip
9%
Specialty Drinks Whiskey Smash
9%
Cheesecakes & Specialty Desserts White Chocolate Raspberry Truffle
9%
Cheesecakes & Specialty Desserts 30th Anniversary Chocolate Cake Cheesecake
4%
Appetizers Ahi Poke Nachos
4%
Glamburgers® Americana Cheeseburger
4%
Margaritas, Mojitos & Martinis Aperol Spritz Martini
4%
Glamburgers® Bacon-Bacon Cheeseburger
4%
Salads Barbeque Ranch Chicken Salad
4%
Cheesecakes & Specialty Desserts Bowl of Fresh Strawberries
4%
Saturday & Sunday Brunch Breakfast Kimchi Fried Rice & Eggs
4%
Appetizers Buffalo Chicken Strips
4%
Cheesecakes & Specialty Desserts Caramel Pecan Turtle Cheesecake
4%
Cheesecakes & Specialty Desserts Carrot Cake
4%
Factory Combinations Chicken Madeira and Steak Diane
4%
Cheesecakes & Specialty Desserts Chocolate Tower Truffle Cake
4%
Cheesecakes & Specialty Desserts Chocolate Tuxedo Cream Cheesecake
4%
Specialties Crispy Chicken Costoletta
4%
Small Plates & Snacks Crispy Fried Cheese
4%
Cheesecakes & Specialty Desserts Fresh Banana Cream Cheesecake
4%
Flatbread Pizzas Fresh Basil, Tomato and Cheese Flatbread Pizza
4%
Side Dishes Fresh Corn
4%
Cheesecakes & Specialty Desserts Fresh Strawberry Shortcake
4%
Fish & Seafood Fried Shrimp Platter
4%
Small Plates & Snacks Fried Zucchini
4%
Saturday & Sunday Brunch Green Chilaquiles and Eggs
4%
Appetizers Housemade Meatballs
4%
Saturday & Sunday Brunch Jambalaya Hash & Eggs
4%
Cheesecakes & Specialty Desserts Key Lime Cheesecake
4%
Saturday & Sunday Brunch Kids’ Brunch
4%
Kids' Menu Kids' Chicken Quesadilla
4%
SkinnyLicious® Specialties Lemon-Herb Parmesan Chicken
4%
Cheesecakes & Specialty Desserts Lemon Raspberry Cream Cheesecake
4%
Cheesecakes & Specialty Desserts Linda’s Fudge Cake
4%
Eggs & Omelettes Loaded Mashed Potato Omelette
4%
Cheesecakes & Specialty Desserts Low-Licious Cheesecake
4%
Cheesecakes & Specialty Desserts Low-Licious Cheesecake with Strawberries
4%
Cheesecakes & Specialty Desserts Mango Key Lime Cheesecake
4%
Saturday & Sunday Brunch Monte Cristo Sandwich
4%
Glamburgers® Old Fashioned Burger
4%
Specialties Parmesan-Herb Crusted Chicken
4%
Steaks Petite Filet
4%
Cheesecakes & Specialty Desserts Pumpkin Pecan Cheesecake
4%
Specialty Drinks Red Sangria
4%
Sandwiches Renee’s Chicken-Almond Salad Sandwich
4%
Factory Combinations Shrimp Scampi and Steak Diane
4%
SkinnyLicious® Specialties SkinnyLicious White Chicken Chili
4%
Appetizers Small Thai Lettuce Wraps with Avocado
4%
Appetizers Small Thai Lettuce Wraps with Chicken
4%
Appetizers Soup of the Day
4%
Specialty Drinks Spanish Whiskey Sour
4%
All Day Morning Cocktails Sparkling Sunrise Sangria
4%
Specialties Spicy Cashew Chicken
4%
SkinnyLicious® Specialties Spicy Shrimp Pasta
4%
Factory Combinations Steak Diane and Herb Crusted Salmon
4%
Margaritas, Mojitos & Martinis Strawberry Blossom
4%
Saturday & Sunday Brunch Tacos Dorados & Eggs
4%
Appetizers Thai Lettuce Wraps with Avocado
4%
Appetizers Thai Lettuce Wraps with Chicken
4%
Cheesecakes & Specialty Desserts Tiramisu Cheesecake
4%
To Go Beverages To Go Soft Drinks
4%
Cheesecakes & Specialty Desserts Ultimate Red Velvet Cake Cheesecake
4%
Cheesecakes & Specialty Desserts Vanilla Bean Cheesecake
4%
Glamburgers® Veggie Burger Melt
4%
Cheesecakes & Specialty Desserts Warm Apple Crisp
4%
Specialties White Chicken Chili
4%
No matching quizzes found
Score Distribution
Percent of People with Each Score
Percentile by Number Answered
Your Score History
You have not taken this quiz